000 00864nam a2200217Ii 4500
003 JO-AjNU
008 230605s9999||||xx |||||||||||||| ||und||
017 _a2003/8/1769
040 _aJO-AjNU
_bara
_erda
_cJO-AjNU
041 _aara
050 1 4 _aHG1707.B37 2004
100 3 _aاعداد: بطاح، محمد توفيق عبدالفتاح,
_eauthor
_928087
245 0 0 _a آثار الحساب الجاري في العمليات المصرفية
250 _aط1
264 3 1 _aعمان: مؤسسة الوراق للنشر والتوزيع، 2004
300 _a251ص
_bيحتوي على ببلوغرافية من 245-251ص
336 _atext
_btxt
_2rdacontent
337 _aunmediated
_bn
_2rdamedia
338 _avolume
_bnc
_2rdacarrier
650 4 _aالبنوك- الودائع البنكية - المدخرات - الحسابات البنكية
_928088
999 _aA10850
_c14418
_d14418